000 00388cam a2200145ua 4500
041 _aeng
_h
082 _a941
_bWAR/NE
100 _aWarner, George Townsend .
245 _aNew ground work of Brittish history /
_cGeorge townsend warner.
_hTextual Documents
260 _aLondon :
_bBlackie & Son Ltd ,
_c1960.
300 _a1026 ; .
504 _a
942 _cBK
999 _c6301
_d6301